| 000 | 00784nam a22002417a 4500 | ||
|---|---|---|---|
| 999 |
_c17422 _d17422 |
||
| 003 | AR-CdUCM | ||
| 008 | 190508b ||||| |||| 00| 0 spa d | ||
| 040 |
_aMUNICIPALIDAD PROVINCIAL DEL CUSCO _cBIBLIOTECA MUNICIPAL DEL CUSCO |
||
| 041 | _heng | ||
| 082 |
_a898.93 / _bM449 |
||
| 100 |
_aMaugham, W. Somerset _937425 |
||
| 245 | _aEl agente secreto / | ||
| 260 |
_aBarcelona : _bG. P., _c1970. |
||
| 300 |
_a306 páginas ; _c18 cm. |
||
| 440 |
_aColección reno _937426 |
||
| 505 | _aContenido: Una visita a domicilio -- Miss King -- El mexicano calvo -- Una mujer morena... | ||
| 650 |
_aAgente secreto _937427 |
||
| 650 |
_aEl griego _937428 |
||
| 650 |
_aNovela _95 |
||
| 700 |
_aGarcia Adamuz, R. (traducción) _937429 |
||
| 942 |
_2ddc _cLIBROS |
||
| 945 |
_adavv _d2019-05-08 |
||